History Quiz

Random History or Discovery Quiz

Click a Photography First Quiz Stats

 Plays Quiz Updated Jan 3, 2018

Also try: Who Did It First?
Challenge
Share
Tweet
Score 0/17 Timer 07:00
8 Plays Today
% Correct
From space (1946)
95.5%
President (1843)
John Quincy Adams
95%
Instagram (2010)
93.6%
Color underwater (1926)
93.4%
Tornado (1884)
92.6%
Lightning (1882)
92.1%
Nighttime animal (1906)
92.1%
Self-portrait (1839)
Robert Cornelius
88.7%
North Pole (1909)
Admiral Peary & team
actually 30-60 miles away
86.2%
% Correct
Aerial (1860)
Boston from hot-air balloon
86.2%
News (1847)
Man being arrested in France
73.7%
Movement (1878)
70.3%
Underwater (1893)
69%
Color (1861)
Tartan ribbon
65.2%
Digital (1957)
63.1%
1st (1826): View From The
Window At Le Gras
57.3%
Online (1992)
49.1%

You're not logged in!

Compare scores with friends on all Sporcle quizzes.
Join for Free
OR
Log In

You Might Also Like...

Show Comments

Extras

Top Quizzes Today


Score Distribution

Your Account Isn't Verified!

In order to create a playlist on Sporcle, you need to verify the email address you used during registration. Go to your Sporcle Settings to finish the process.

Report this User

Report this user for behavior that violates our Community Guidelines.

Details: